000
00303nam a22001097a 4500
999
_c
13441
_d
13441
082
_a
297.63
100
_a
مولانا صفی الرحمن مبارک پوری
245
_a
الرحیق المختوم
260
_a
لاہور
_b
المکتبہ السلفیہ
_c
2003
300
_a
656 pages
942
_c
BK